Vornamen in der Bundesliga 23/24 - Statistiken

Allgemein
  • Dieses Quiz wurde 157 mal gespielt
  • Das Durchschnittsergebnis liegt bei 71 aus 342
Antwortstatistiken
Häufigkeit Name % Korrekt
3 Thomas
83%
1 Manu
82%
3 Manuel
77%
1 Jan-Niklas
76%
4 Max
71%
1 Eric-Maxim
69%
1 Grant-Leon
69%
2 Leon
69%
2 Chris
65%
3 Jan
65%
1 John
65%
1 Mark
65%
1 Nick
65%
7 Tim
62%
1 Keven
61%
11 Kevin
61%
1 Luka
61%
1 Maxim
61%
1 Alex
60%
1 Harry
60%
6 Lukas
60%
1 Joshua
58%
3 Tom
58%
8 Florian
57%
9 Maximilian
57%
2 Nico
57%
4 Alexander
55%
5 Niklas
55%
1 Dan-Axel
54%
1 Leroy
54%
4 Marco
54%
5 Julian/Julián
53%
1 Julien
53%
2 Eric
51%
3 Christian
50%
1 Cristian
50%
1 Dani
50%
1 Danny
50%
1 Kim
50%
1 Péter
50%
1 Phillip
50%
1 Mats
49%
2 Sven
49%
3 Robert
48%
3 Andreas
47%
2 Daniel
47%
1 Daniel-Kofi
47%
5 Jonas
47%
6 Luca
47%
2 Sebastian
47%
1 Sébastien
47%
1 Serge
47%
2 Timo
47%
1 Gregor
46%
1 Jamal
46%
2 Jonathan
46%
4 Marcel
46%
2 Paul
46%
1 Steffen
46%
3 Michael
45%
4 Christoph
43%
1 Ko
43%
3 Stefan
43%
4 Felix
42%
1 Anton
41%
3 Benjamin
41%
1 Patric
41%
1 Alphonso
40%
1 Mario
40%
3 Matthias
40%
3 David
39%
1 Oliver
39%
4 Patrick
39%
1 Patrik
39%
2 Dennis
38%
2 Jens
36%
5 Robin
36%
1 Dayot
35%
1 Kingsley
35%
4 Moritz
35%
1 Moritz-Broni
35%
3 Lucas
34%
1 Victor
33%
1 Jannik
31%
1 Jeremie
31%
1 Mohammed
31%
1 Phillipp
31%
2 Simon
31%
1 Waldemar
31%
1 Franck
30%
1 Frank
30%
1 Granit
30%
2 Karim
30%
1 Konrad
30%
5 Marvin
30%
2 Niclas
30%
5 Noah
30%
1 Raphael/Raphaël
30%
3 Christopher
29%
1 Deniz
29%
1 Emre
29%
1 Serhou
29%
4 Fabian
28%
2 Marius
28%
1 Pascal
28%
5 Philipp
28%
1 Willi
27%
1 Alejandro
25%
1 Donny
25%
1 Jadon
25%
1 Amin
24%
4 Anthony
24%
1 Matthijs
24%
2 Nicolas
24%
2 Omar
24%
1 Xavi
24%
2 Justin
23%
2 Finn
22%
1 Mathys
22%
2 Arne
21%
1 Frederik
21%
2 Jamie
21%
2 Nathan
21%
1 Xaver
21%
1 Adam
20%
1 Andrej
20%
1 Donyell
20%
1 Edmond
20%
2 Hugo
20%
1 Ian
20%
2 Josip
20%
1 Nikola
20%
2 Tobias
20%
1 Yannick
20%
1 Yannik
20%
1 Aaron
18%
1 Koen
18%
1 Benedikt
17%
2 Elias
17%
1 Janis
17%
1 Joe
17%
1 Leonardo
17%
1 Mohamed
17%
1 Salih
17%
2 Tomas
17%
1 Vincenzo
17%
1 Yussuf
17%
1 Dominik
16%
1 Enzo
16%
2 Timothy
16%
2 Denis
15%
1 Jakob
15%
1 Ole
15%
1 Youssoufa
15%
1 Alassane
14%
1 Amine
14%
1 Ermedin
14%
1 Hiroki
14%
1 Jean-Mattéo
14%
1 Jiri
14%
1 Josha
14%
1 Loïs
14%
1 Mathias
14%
1 Nikolas
14%
1 Roland
14%
1 Silas
14%
1 Angelo
13%
1 Ansgar
13%
1 Atakan
13%
1 Jeff
13%
1 Jérôme
13%
1 Kilian
13%
1 Laurin
13%
1 Noussair
13%
1 Ridle
13%
1 Rocco
13%
1 Bryan
12%
1 Davie
12%
1 Eren
12%
1 Leandro
12%
1 Mitchell
12%
1 Rani
12%
1 Bouna
11%
1 Exequiel
11%
1 Lennard
11%
1 Makoto
11%
2 Matej
11%
1 Milos
11%
1 Niels
11%
1 Odilon
11%
1 Ramy
11%
1 Adrian
10%
1 Aleksandar
10%
1 Borja
10%
1 Castello
10%
1 Jacob
10%
1 Jordan
10%
1 Klaus
10%
1 Leonidas
10%
1 Lovro
10%
1 Mahmoud
10%
1 Noel
10%
1 Piero
10%
1 Ritsu
10%
1 Sacha
10%
1 Amadou
9%
1 Benno
9%
1 Bernardo
9%
1 Danilo
9%
1 Ivan
9%
1 Janik
9%
1 Lee
9%
1 Maxence
9%
1 Merlin
9%
1 Nadiem
9%
1 Oscar
9%
1 Ozan
9%
1 Pavel
9%
1 Roberto
9%
1 Willian
9%
1 Wout
9%
1 András
8%
1 Aurélio
8%
1 Ellyes
8%
1 Genki
8%
1 Ihlas
8%
2 Junior
8%
1 Ludovic
8%
1 Mattias
8%
1 Mikkel
8%
1 Naby
8%
1 Sasa
8%
1 Amos
7%
1 Arthur
7%
1 Benedict
7%
2 Fabio
7%
1 Rubén
7%
1 Aster
6%
1 Brajan
6%
1 Clemens
6%
1 Dawid
6%
1 Diogo
6%
1 El Chadaille
6%
1 Gerrit
6%
1 Jakub
6%
1 Jeffrey
6%
1 Joakim
6%
1 Leopold
6%
1 Lilian
6%
1 Mads
6%
1 Mateu
6%
1 Mergim
6%
1 Olivier
6%
1 Pavao
6%
1 Romano
6%
1 Senne
6%
1 Sepp
6%
1 Tony
6%
1 Dejan
5%
1 Dion
5%
1 Grischa
5%
1 Gustavo
5%
1 Iago
5%
1 Jeong
5%
1 Lasse
5%
1 Sidney
5%
1 Takuma
5%
1 Tarek
5%
1 Tiago
5%
1 Antonios
4%
1 Ayman
4%
1 Braydon
4%
1 Cédric
4%
1 Davis
4%
1 Farès
4%
1 Florent
4%
1 Fredrik
4%
1 Jessic
4%
1 Linton
4%
1 Reece
4%
1 Umut
4%
1 Brenden
3%
1 Damion
3%
1 Danilho
3%
1 Dario
3%
1 Elvis
3%
1 Emir
3%
1 Faride
3%
1 Isak
3%
1 Kauã
3%
1 Mert
3%
1 Nnamdi
3%
1 Norman
3%
1 Pep
3%
1 Rasmus
3%
1 Rogério
3%
1 Sargis
3%
1 Sebastiaan
3%
1 Silvan
3%
1 Vitus
3%
1 Yorbe
3%
1 Abdoulaye
2%
1 Agon
2%
1 Attila
2%
1 Bambasé
2%
1 Bartol
2%
1 Dominique
2%
1 Edimilson
2%
1 Eduardo
2%
1 Eljif
2%
1 Erhan
2%
1 Fraser
2%
1 Gonçalo
2%
1 Harpreet
2%
1 Hrvoje
2%
1 Jordy
2%
1 Kasim
2%
1 Kenneth
2%
1 Kiliann
2%
1 Kristijan
2%
1 Leart
2%
1 Madi
2%
1 Marnon
2%
1 Matus
2%
1 Mehdi
2%
1 Morten
2%
1 Nacho
2%
1 Nahuel
2%
1 Nelson
2%
1 Shio
2%
1 Skelly
2%
1 Stanley
2%
1 Ulysses
2%
1 Vaclav
2%
1 Dzenan
1%
1 Elidon
1%
1 Josuha
1%
1 Kofi
1%
1 Mamadou
1%
1 Seedy
1%
1 Aïsse
0%
1 Merveille
0%
Keine übereinstimmenden Quizze gefunden
Verteilung der Resultate
Anzahl Personen mit jedem Resultat
Perzentil nach korrekt beantworteten Fragen
Ihre Resultats-Entwicklung
Sie haben dieses Quiz noch nicht gespielt